Carisma: Análisis del Fenómeno Carismático y su Relación con la Conducta Humana y los Cambios Sociales /

Enregistré dans:
Détails bibliographiques
Auteur principal: Lindholm, Charles (autor)
Format: Livre
Langue:espagnol
Collection:(Cla-De-Ma. Hombre y Sociedad)
Sujets:
Tags: Ajouter un tag
Pas de tags, Soyez le premier à ajouter un tag!

MARC

LEADER 00000nam^a2200000^a^4500
001 000033942
005 20250521000000.0
009 20260310085218.344
020 |a 84-7432-435-1 
037 |a Acervo ITESO - Biblioteca 
041 |a ESP 
082 |a 303. 34  |b LIN 
100 |a Lindholm, Charles  |e (autor) 
245 1 0 |a Carisma: Análisis del Fenómeno Carismático y su Relación con la Conducta Humana y los Cambios Sociales /  |c C. Lindholm; tr. por: Carlos Gardini. 
264 |a Barcelona, España :  |b Gedisa,  |c 1992 
300 |a 303 p. 
336 |a texto  |b txt  |2 rdacontenido 
337 |a sin mediación  |b n  |2 rdamedio 
338 |a volumen  |b nc  |2 rdasoporte 
440 1 |a (Cla-De-Ma.  |p Hombre y Sociedad) 
500 |a Traducción de: Charisma 
649 |a XX 
650 |a Sociología 
650 |a Sociedad Industrial 
650 |a Movimientos Sociales 
910 |a Fondo General 
920 |a Impresos - Libros 
930 |a Colección General 
905 |a 101 
901 |a 0339420100  |b IT1  |c ACC  |i 033942  |u 20250521 
901 |a 0500013243  |b IT1  |c ACC  |u 20250521 
902 |a https://opac.biblio.iteso.mx/vufind/Record/000033942